| 000 | 00396nam a2200133Ia 4500 | ||
|---|---|---|---|
| 003 | PILC | ||
| 008 | 220421s2004 xx 000 0 und d | ||
| 040 | _cEARIST LIBRARY | ||
| 100 |
_aGines, Adelaida C. et al. _9298 |
||
| 245 | 0 | _aDevelopment Psychology A Textbook for College Students in Psychology and Teach Education / | |
| 260 |
_aManila, _bRex : _c2004. |
||
| 999 |
_c1601 _d1601 |
||
| 942 |
_2ddc _cBK |
||